| 000 | 00404 a2200133 4500 | ||
|---|---|---|---|
| 082 | _a338.1095491 | ||
| 090 |
_c3478 _d3478 |
||
| 100 | _aNaqvi,Syed Nawab Haider | ||
| 245 |
_aStructural Change in Pakistan's Agriculture _cSyed Nawab Haider Naqvi |
||
| 260 |
_aIslamabad _bPakistan Institute of Development Economics _c1989 |
||
| 300 | _a148p | ||
| 500 | _aHard cover | ||
| 942 |
_aNBS _cBK _k338.1095491 NAQ |
||
| 999 |
_c345955 _d345955 |
||